Lịch sử kinh tế chính trị và chiến tranh /

Gespeichert in:
Bibliographische Detailangaben
1. Verfasser: Nguyễn Thường.
Format: Artikel
Sprache:Vietnamese
Schlagworte:
Tags: Tag hinzufügen
Keine Tags, Fügen Sie den ersten Tag hinzu!
Thư viện lưu trữ: Thư viện Trường Đại học Đà Lạt
LEADER 00765nam a2200265 4500
001 DLU090087009
005 ##20091003
040 # # |a DLU  |b vie 
041 # # |a vie 
044 # # |a vn 
100 # # |a Nguyễn Thường.  
245 # # |a Lịch sử kinh tế chính trị và chiến tranh /  |c Nguyễn Thường.  
653 # # |a Lịch thế kỉ 
653 # # |a Lịch thiên văn 
653 # # |a Lịch vạn niên 
773 # # |t Nghiên cứu lịch sử  |g Số 3(262), 1992, tr. 51-59 
920 # # |a Phòng Tạp chí -- Trung tâm Thông tin - Thư viện Trường Đại học Đà Lạt 
994 # # |a DLU 
900 # # |a True 
911 # # |a Nguyễn Thị Linh Chi 
925 # # |a G 
926 # # |a A 
927 # # |a BB 
980 # # |a Thư viện Trường Đại học Đà Lạt